Плетнева Алексея

Доступно только в Электронных читальных залах Найти на картеНа карте
RUSMARC
00004172nac2a22003131x 450
001fb2086c8-aa38-41c4-a61c-ff14fbb5d732
00520131226155500.0
100##$a20130529l18861917k y0rusy50 ca
1010#$arus
102##$aRU
105##$ay z |||||
1222#$ad18860916
$ad19170518
2001#$aПлетнева Алексея
$j16 сентября 1886 - 18 мая 1917
215##$a8 листов
251##$cДело
300##$aВ деле имеются документы без дат
300##$aЗаголовок дела на папке: Письма Плетнева Алексея Кони А. Ф.
300##$aПриложена копия расписки Плетневой
300##$a4 письма
300##$aЧасть текста рукописная, часть текста напечатана на машинке
330##$aПереписка А. Ф. Кони; Письма к А. Ф. Кони
461#0$10013a54f2e3-e9cf-409b-80fa-f0a9bd3c40cb
$12001
$aКони Анатолий Федорович, юрист, литератор, член академии наук, председатель Санкт-Петербургского окружного суда, член государственного совета
$1251
$cФонд
$1852
$j564
462#0$100178a475cd-a47d-4377-bff3-cee4b81de655
$12001
$aОпись дел фонда А. Ф. Кони за 1880-1931 гг.
$1251
$cОпись
$1852
$j1
517##$aПисьма Плетнева Алексея Кони А. Ф.
600#1$aКони
$bА. Ф.
$f1844-1927
$gАнатолий Федорович
600#1$aПлетнев
$bА.
$gАлексей
801#0$aRU
$bGA_RF
801#1$aRU
$bНПО Опыт
$c20130529
$2rusmarc
801#2$aRU
$bПБ им. Б.Н. Ельцина
$c20131226
$gRCR
$2rusmarc
852##$aГА РФ
$j2880
937##$d42546221
$hПБ
035##$aRuPRLIB51003576
Формат отображения